Movies Quiz

Random Movies or Pixar Quiz
Score 0/16 Timer 01:00
1 Play Today
% Correct
Mr. Incredible
94.8%
Violet
92.5%
Jack-Jack
91.8%
Dash
91.2%
Edna Mode
91%
Frozone
90.2%
Elastigirl
89.5%
Syndrome
85.2%
% Correct
Underminer
84.6%
Omnidroid
84.4%
Gazerbeam
81.9%
Mirage
77.2%
Bomb Voyage
74.2%
Gilbert Huph
70.9%
Rick Dicker
70.5%
Kari McKeen
69%
Remove Ads.
Support Sporcle.
Get the best of Sporcle when you Go Orange. This ad-free experience offers more features, more stats, and more fun while also helping to support Sporcle. Thank you for becoming a member.

You're not logged in!

Compare scores with friends on all Sporcle quizzes.
OR
Log In

Show Comments

Extras

Top Quizzes Today


Score Distribution

Your Account Isn't Verified!

In order to create a playlist on Sporcle, you need to verify the email address you used during registration. Go to your Sporcle Settings to finish the process.

Report this User

Report this user for behavior that violates our Community Guidelines.

Details: